000 00668nam a2200265Ia 4500
005 20260121172445.0
008 008 260114s9999 xx 000 0 eng d
020 _a9789813368231
037 _aEBOOK
040 _aCRL
040 _beng
040 _cCRL
041 _2eng
041 _aeng
084 _qCRL
100 _aChin-Peng Chu, Sang-Chul Park
_91088663
245 0 _aImmigration Policy and Crisis in the Regional Context
260 _bSpringer
260 _bSpringer
260 _c2021
856 _uhttps://link.springer.com/openurl?genre=book&isbn=978-981-33-6823-1
942 _cEBOOK
999 _c1654402
_d1654402